| 000 | 00632nam a2200217Ii 4500 | ||
|---|---|---|---|
| 003 | JO-AjNU | ||
| 008 | 230605s9999||||xx |||||||||||||| ||und|| | ||
| 017 | _a3233/1427 | ||
| 020 | _a9960-52-901-0 | ||
| 040 |
_aJO-AjNU _bara _erda _cJO-AjNU |
||
| 041 | _aara | ||
| 050 | 1 | 4 | _aBP179.U35.2006 |
| 100 | 3 |
_aالعودة، سلمان بن فهد, _eauthor _964200 |
|
| 245 | 0 | 0 | _aمجالس رمضانية |
| 250 | _aط1 | ||
| 264 | 3 | 1 | _aالرياض: الاسلام اليوم للنشر، 2006 |
| 300 | _a286ص | ||
| 336 |
_atext _btxt _2rdacontent |
||
| 337 |
_aunmediated _bn _2rdamedia |
||
| 338 |
_avolume _bnc _2rdacarrier |
||
| 999 |
_aA29163 _c32731 _d32731 |
||